000 01017cam a2200301 i 4500
001 1352414732
003 OSt
005 20250523120150.0
008 221201s2023 si ob 000 0 eng d
020 _z9789811961670 (hardcover)
024 7 _cUSD 120.00
040 _aYDX
_beng
_erda
_cYDX
_dEBLCP
_dNUST
050 4 _aTS191.8 LIA
100 1 _aLiao, Wenhe
_eAuthor
245 1 0 _aError compensation for industrial robots /
_cWenhe Liao, Bo Li, Wei Tian, Pengcheng Li
260 _aChina : Beijing;
_bScience Press,
_c©2023
300 _axii,241 pages :
_bIllustrations ;
_c24 cm.
336 _atext
_btxt
_2rdacontent
337 _acomputer
_bc
_2rdamedia
338 _aonline resource
_bcr
_2rdacarrier
504 _aIncludes bibliographical references
650 0 _xRobots, Industrial.
650 0 _xRobots --- Error detection and recovery.
700 1 _aLi, Bo.
_eAuthor
700 1 _aTian, Wei.
_eAothor
700 1 _aLi, Pengcheng.
_eAuthor
942 _2lcc
_cBOOKS
_hTS191.8 LIA
_kTS
_mLIA
_n0
999 _c171825
_d171825